00659nam a2200169Ia 4500082001200000100002000012245008600032260006300118300000800181650003200189650004800221650004600269650004100315650004700356650004900403710003700452 aRK 0224 aKhanduri, B. K. 0aSocio-economic study of the tribal farmers of Garhwal himalayas in Uttarakhandb: c2008bIndian Council of Social Science Research, New Delhi a113 aAgriculturezIndiazGarhwal aTribesvEconomic conditionszIndiazGarhwal aTribesvSocial conditionszIndiazGarhwal aAgricultural systemszIndiazGarhwal aFarmersvSocial conditionszIndiazGarhwal aFarmersvEconomic conditionszIndiazGarhwal aG B Pant University, Uttarakhand